Secondary education in the United States /

Bibliographic Details
Main Author: Stiles, Lindley Joseph, 1913-
Format: Book
Language:English
Published: New York : Harcourt, Brace & World, [1962]
Subjects:

MARC

Tag First Indicator Second Indicator Subfields
LEADER 00000cam a2200000 4500
001 in00000055013
005 20151008052141.0
008 731127s1962 nyu b 00000 eng u
010 |a  61018534  
035 |a (OCoLC)00749188 
035 |9 AAH1932AM 
040 |c CSU  |d TXA  |d UtOrBLW 
049 |a TXAM  |c [355020] 
050 0 |a LA222  |b .S7 
082 0 |a 373.73 
092 |a 373.73  |b S856s, 1962 
100 1 |a Stiles, Lindley Joseph,  |d 1913- 
245 1 0 |a Secondary education in the United States /  |c [by] Lindley J. Stiles, Lloyd E. McCleary [and] Roy C. Turnbaugh. Van Miller, consulting editor. 
264 1 |a New York :  |b Harcourt, Brace & World,  |c [1962] 
300 |a 528 pages :  |b illustrations ;  |c 22 cm. 
336 |a text  |b txt  |2 rdacontent 
337 |a unmediated  |b n  |2 rdamedia 
338 |a volume  |b nc  |2 rdacarrier 
504 |a Includes bibliographies. 
650 0 |a Education, Secondary. 
999 |a MARS 
999 f f |s 48db9d60-9380-3994-9469-db5efc5e0a2b  |i bc280c7f-fc74-3fee-a4d6-66e2ae3badf6  |t 0 
952 f f |p normal  |a Texas A&M University  |b College Station  |c Sterling C. Evans Library  |d Evans: Library Stacks  |t 0  |e LA222 .S7  |h Library of Congress classification  |i unmediated -- volume  |m A14800856555 
998 f f |a LA222 .S7  |t 0  |l Evans: Library Stacks